Pays qui possédaient Pékin (Beijing/北京) à travers l'histoire - Statistiques

Statistiques générales
  • Ce quiz a été pris 34 fois
  • Le résultat moyen est 13 sur 26
Statistiques - réponses
Période Pays/Dynastie % Correct
1912 - 1949 République de {Chine}
97%
1949 - Aujourd'hui République Populaire de {Chine}
97%
1938 - 1944 Empire du Japon
90%
1378 - 1644 Dynastie {Ming}
87%
550 - 577 Dynastie {Qi} du Nord
81%
- 222 ou - 221 -/- 206 Dynastie {Qin}
81%
-256 -/- 222 ou - 221 États de {Qin}
81%
1279 - 1378 {Empire Mongol} / Dynastie {Yuan}
71%
1644 - 1912 Dynastie {Qing}
68%
- 206 - 220 Dynastie {Han}
61%
947 - 950 Dynastie {Han} postérieure
61%
960 - 1279 Dynastie {Song}
55%
618 - 690 Dynastie {Tang}
42%
705 - 907 Dynastie {Tang}
42%
923 - 936 Dynastie {Tang} supérieure
42%
265 - 386 Dynastie {Jin}
32%
936 - 947 Dynastie {Jin} postérieure
32%
1045 av. J-C -/- 256 Dynastie {Zhou}
29%
690 - 705 Dynastie {Zhou}
29%
577 - 581 Dynastie {Zhou} du Nord
29%
950 - 960 Dynastie {Zhou} postérieure
29%
581 - 618 Dynastie {Sui}
23%
534 - 550 Dynastie {Wei} de l'Est
19%
386 - 534 Dynastie {Wei}du Nord
19%
220 - 265 Royaume de {Wei}
19%
907 - 923 Dynastie {Liang} supérieure
10%
Aucun quiz correspondant
Distribution des résultats
% des personnes avec chaque résultat
Percentile par nombre de réponses
Votre historique - résultats
Vous n’avez pas pris ce quiz